Manual práctico del MMPI: pruebas psicométricas de la personalidad
Uloženo v:
| Hlavní autor: | |
|---|---|
| Médium: | Kniha |
| Jazyk: | španělština |
| Vydáno: |
Ciudad de México
Trillas
1991
|
| Vydání: | 2a. ed |
| Témata: | |
| Tagy: |
Přidat tag
Žádné tagy, Buďte první, kdo vytvoří štítek k tomuto záznamu!
|
MARC
| LEADER | 00000nam a2200000 a 4500 | ||
|---|---|---|---|
| 001 | UCP6069 | ||
| 003 | CL-VaPUC | ||
| 008 | 991008e19910000MX |||||||||||||||||spa|d | ||
| 020 | |a 9682442656 | ||
| 082 | 0 | 4 | |a 152.28 |b NUÑ |2 21 |
| 100 | |a Núñez, Rafael |e autor |9 254783 | ||
| 245 | 1 | 0 | |a Manual práctico del MMPI: pruebas psicométricas de la personalidad |
| 250 | |a 2a. ed | ||
| 300 | |a 419 p | ||
| 942 | |c BK | ||
| 945 | |d 19991008 00:00:00 |a rbrito | ||
| 260 | |a Ciudad de México |b Trillas |c 1991 | ||
| 650 | 0 | |a Personalidad |9 307255 | |
| 650 | 7 | |a PRUEBAS PSICOMETRICAS |2 CL-VaPUC |9 434886 | |
| 650 | 0 | |a Psicología individual |9 309049 | |
| 650 | 0 | |a Conducta humana |9 269906 | |
| 583 | |a last modification |c 20171004 12:17:28 |k Rodrigo Vera | ||
| 999 | |c 283693 |d 283691 | ||
| 952 | |0 0 |1 0 |4 0 |6 152_280000000000000_NUÑ_1991 |7 0 |8 A |9 327094 |a BIBEDU |b BIBEDU |d 2019-11-20 |i 3569462 |o 152.28 NUÑ 1991 |p 3569462 |r 2019-11-20 |w 2019-11-20 |y BK |k PSI | ||